| 000 | 00793nam a22002417a 4500 | ||
|---|---|---|---|
| 999 |
_c14612 _d14612 |
||
| 003 | AR-CdUCM | ||
| 008 | 190424b ||||| |||| 00| 0 spa d | ||
| 020 | _a978-1-4749-0903-7 | ||
| 040 |
_aMUNICIPALIDAD PROVINCIAL DEL CUSCO _cBIBLIOTECA MUNICIPAL DEL CUSCO |
||
| 041 | _heng | ||
| 082 |
_aPI / 376.1 / _bB33 |
||
| 110 |
_aUsborne _933460 |
||
| 245 |
_aEl bebé toca sigue con el dedito : _bPerros y gatos / |
||
| 260 |
_aLóndres : _bUsborne, _c2016. |
||
| 300 |
_bilustraciones, _c19 cm. |
||
| 650 |
_aAprendizaje infantil _933271 |
||
| 650 |
_aPrimera infancia _924660 |
||
| 650 |
_aLiteratura infantil _9588 |
||
| 700 |
_aBaggott, Stella (ilustraciones) _933461 |
||
| 700 |
_aFernández Martínez, Cristina (traducción) _933462 |
||
| 942 |
_2ddc _cLIBROS |
||
| 945 |
_aachl _d2019-04-24 |
||